Carte des capitale d'Europe - Statistiques

Statistiques générales
  • Ce quiz a été pris 310 fois
  • Le résultat moyen est 33 sur 45
Réponses sur la Carte
Les réponses sont colorées sur une échelle allant du rouge au vert en fonction du pourcentage des utilisateurs qui les ont devinées à leur premier essai. Vous pouvez retrouver ces pourcentages ci-dessous.
 
Statistiques - réponses
Capitale % Correct
Paris
97%
Londres
96%
Madrid
95%
Berlin
94%
Bruxelles
94%
Lisbonne
94%
Luxembourg
93%
Amsterdam
92%
Moscou
92%
Berne
91%
Dublin
91%
Rome
90%
Monaco
89%
Oslo
89%
Vatican
86%
Athènes
85%
Kiev
85%
Stockholm
82%
Varsovie
81%
Helsinki
80%
Vienne
80%
Andorre-la-Vieille
78%
Copenhague
78%
Saint-Marin
75%
Bucarest
74%
Budapest
74%
Prague
70%
Reykjavik
70%
Sofia
69%
Zagreb
67%
La Valette
64%
Riga
63%
Tallinn
60%
Minsk
58%
Vilnius
57%
Ljubljana
55%
Sarajevo
55%
Belgrade
54%
Bratislava
54%
Vaduz
52%
Tirana
51%
Pristina
41%
Chișinău
40%
Skopje
38%
Podgorica
36%
Aucun quiz correspondant
Distribution des résultats
% des personnes avec chaque résultat
Percentile par nombre de réponses
Votre historique - résultats
Vous n’avez pas pris ce quiz